L'Arabie saoudite pour les touristes... - Statistiques

Statistiques générales
  • Ce quiz a été pris 26 fois
  • Le résultat moyen est 8 sur 20
Statistiques - réponses
Question Indice Réponses % Correct
Quelle est la langue officielle ? Arabe
100%
Le suffixe internet est sa
75%
La religion majoritaire est Islam
71%
Quel est le régime du pays ? M A Monarchie absolue
71%
Achats à faire 1/ Fruits secs Dattes
67%
Dans la capitale quel est le décalage horaire avec Paris ? (+ ou - et chiffre) ex - 10 ou + 3,5 + 1
58%
Quel est le climat local ? D Désertique
54%
Combien d'heures (environ) mettrez-vous pour vous y rendre ? (en chiffres) 6
50%
Achats à faire 2/ Parfum de Oud
46%
Quelles sont les principaux lieux touristiques ? M Masjid-an-Nabi à {Médine}
42%
Comment se nomme la principale compagnie aérienne locale S Saudia
42%
Quelle est la monnaie ? Riyal saoudien
29%
Le principal aéroport est D Dammam
21%
Code sur les plaques minéralogiques KSA
21%
Quelles sont les principaux lieux touristiques ? B Quartier de Balad à {Jeddah}
21%
Quelles sont les principaux lieux touristiques ? M Safa to {Marwa}
17%
Achats à faire 4/ Un tapis de Laine
13%
Quelles sont les principaux lieux touristiques ? U Mount {Uhud}
8%
Quelles sont les principaux lieux touristiques ? J Grotte de {Jabal-al-Nour}
4%
Achats à faire 3/ Bois d' Agar
0%
Aucun quiz correspondant
Distribution des résultats
% des personnes avec chaque résultat
Percentile par nombre de réponses
Votre historique - résultats
Vous n’avez pas pris ce quiz